<?xml version="1.0" encoding="UTF-8"?>
<record
    xmlns:xsi="http://www.w3.org/2001/XMLSchema-instance"
    xsi:schemaLocation="http://www.loc.gov/MARC21/slim http://www.loc.gov/standards/marcxml/schema/MARC21slim.xsd"
    xmlns="http://www.loc.gov/MARC21/slim">

  <leader>02670    a2200241   4500</leader>
  <controlfield tag="001">23114</controlfield>
  <controlfield tag="005">20260407155520.0</controlfield>
  <controlfield tag="008">260407a1962    arg                 spa d</controlfield>
  <controlfield tag="003">AR-UNSa-BCEJYS</controlfield>
  <datafield tag="040" ind1=" " ind2=" ">
    <subfield code="a">AR-UNSa-BCEJYS</subfield>
    <subfield code="b">spa</subfield>
    <subfield code="c">AR-UNSa-BCEJYS</subfield>
  </datafield>
  <datafield tag="080" ind1=" " ind2=" ">
    <subfield code="a">330</subfield>
    <subfield code="x">Econom&#xED;a en general</subfield>
  </datafield>
  <datafield tag="245" ind1="1" ind2="0">
    <subfield code="a">Guia de estudio y libro de ejercicios</subfield>
    <subfield code="p">del curso de conom&#xED;a moderna</subfield>
  </datafield>
  <datafield tag="250" ind1=" " ind2=" ">
    <subfield code="a">2a. ed</subfield>
  </datafield>
  <datafield tag="264" ind1=" " ind2="1">
    <subfield code="a">Madrid :</subfield>
    <subfield code="b">Aguilar</subfield>
    <subfield code="c">1962</subfield>
  </datafield>
  <datafield tag="300" ind1=" " ind2=" ">
    <subfield code="a">512 p.</subfield>
    <subfield code="c">21 cm.</subfield>
  </datafield>
  <datafield tag="505" ind1=" " ind2=" ">
    <subfield code="a">1. Introducci&#xF3;n - 2. Los problemas centrales de toda sociedad econ&#xF3;mica - 3. Funcionamiento del sistema mixto de empresa capitalista - 4. Ingresos individuales y familiares - 5. Las empresas: su organizaci&#xF3;n e ingresos - 6. Funci&#xF3;n econ&#xF3;mica del estado: El gasto p&#xFA;blico,la regulaci&#xF3;n de la actividad econ&#xF3;mica y la financiaci&#xF3;n del gasto - 7. La funci&#xF3;n econ&#xF3;mica del estado: los impuestos federales y las haciendas locales - 8. Los trbajadores y las relaciones industriales - 9. La econom&#xED;a individual y los seguros sociales - 10. Renta y producto nacionles - 11. Ahorro, consumo e inversi&#xF3;n - 12. La teor&#xED;a de la deterinaci&#xF3;n de la renta - 13. El ciclo econ&#xF3;mico - 14. Precios y dinero - 15. El sistema bancario y la creaci&#xF3;n de depositos - 16. La politica monetaria  de la banca central - 17. La politica monetaria de la banca central - 18. S&#xED;ntesis de la politica monetaria y del an&#xE1;lisis de la renta - 19. Detrminaci&#xF3;n del precio por la oferta y la demanda - 20. La oferta y la demanda aplicadas a la agricultura - 21. La oferta y la demanda aplicadas a la agricultura - 22. La din&#xE1;mica de la especulaci&#xF3;n y del riego - 23. La teor&#xED;a del consumo y la demanda - 24. El equilibrio de la empresa: Costes e ingresos - 25. La competencia imperfecta - 26. Teor&#xED;a de la producci&#xF3;n y de la productividad marginal - 27. Los precios de los factores de la producci&#xF3;n: La renta de la tierra y de otros recursos naturales - 28. Los salarios de competencia y las negociaciones colectivas - 29. El inter&#xE9;s y el capital - 30. Beneficios y alicientes - 31. La balanza de los pagos internacionales - 32. El comercio internacional y la teor&#xED;a de los costes comparativos - 33. Teor&#xED;a de la protecci&#xF3;n arancelaria y de la actualidad - 34. Los problemas econ&#xF3;micos internacionales de la actualidad - 35. La teor&#xED;a econ&#xF3;mica de la tecnolog&#xED;a - 36. La econom&#xED;a de guerra y defensa - 37. Problemas de crecimiento y del desarrollo - 38. Los distintos sistemas econ&#xF3;micos.</subfield>
  </datafield>
  <datafield tag="942" ind1=" " ind2=" ">
    <subfield code="c">BK</subfield>
  </datafield>
  <datafield tag="590" ind1=" " ind2=" ">
    <subfield code="a">niveau_biblio:m niveau_hierar:0</subfield>
  </datafield>
  <datafield tag="100" ind1="1" ind2=" ">
    <subfield code="a">Samuelson, Paul A.</subfield>
  </datafield>
  <datafield tag="700" ind1="1" ind2=" ">
    <subfield code="a">Robinson, Romney</subfield>
  </datafield>
  <datafield tag="700" ind1="1" ind2=" ">
    <subfield code="a">Barinaga Blanco, Jose Luis</subfield>
  </datafield>
  <datafield tag="700" ind1="1" ind2=" ">
    <subfield code="a">Baldwin, George B.</subfield>
  </datafield>
  <datafield tag="999" ind1=" " ind2=" ">
    <subfield code="c">1085</subfield>
    <subfield code="d">1085</subfield>
  </datafield>
  <datafield tag="952" ind1=" " ind2=" ">
    <subfield code="0">0</subfield>
    <subfield code="1">0</subfield>
    <subfield code="4">0</subfield>
    <subfield code="7">0</subfield>
    <subfield code="a">BCEJYS</subfield>
    <subfield code="b">BCEJYS</subfield>
    <subfield code="c">16</subfield>
    <subfield code="d">2026-04-07</subfield>
    <subfield code="l">0</subfield>
    <subfield code="o">330 S187g 2ed.</subfield>
    <subfield code="p">L20815</subfield>
    <subfield code="r">2026-04-07 15:55:20</subfield>
    <subfield code="w">2026-04-07</subfield>
    <subfield code="y">L</subfield>
  </datafield>
  <datafield tag="952" ind1=" " ind2=" ">
    <subfield code="0">0</subfield>
    <subfield code="1">0</subfield>
    <subfield code="4">0</subfield>
    <subfield code="7">0</subfield>
    <subfield code="a">BCEJYS</subfield>
    <subfield code="b">BCEJYS</subfield>
    <subfield code="c">16</subfield>
    <subfield code="d">2026-04-07</subfield>
    <subfield code="l">0</subfield>
    <subfield code="o">330 S187g 2ed.</subfield>
    <subfield code="p">L20324</subfield>
    <subfield code="r">2026-04-07 15:55:20</subfield>
    <subfield code="w">2026-04-07</subfield>
    <subfield code="y">L</subfield>
  </datafield>
  <datafield tag="952" ind1=" " ind2=" ">
    <subfield code="0">0</subfield>
    <subfield code="1">0</subfield>
    <subfield code="4">0</subfield>
    <subfield code="7">0</subfield>
    <subfield code="a">BCEJYS</subfield>
    <subfield code="b">BCEJYS</subfield>
    <subfield code="c">16</subfield>
    <subfield code="d">2026-04-07</subfield>
    <subfield code="l">0</subfield>
    <subfield code="o">330 S187g 2ed.</subfield>
    <subfield code="p">L20816</subfield>
    <subfield code="r">2026-04-07 15:55:20</subfield>
    <subfield code="w">2026-04-07</subfield>
    <subfield code="y">L</subfield>
  </datafield>
</record>
